00800 2200277 4500001002100000005001500021035002000036007000300056008004100059020001800100082001100118084001400129084001600143100003500159245006900194250001200263300004400275700002700319600002400346264005200370336002100422337003000443338002300473990001300496990001300509INLIS00000000112186320251218113052 a0010-1225000043ta251218 a 1 ind  a9786231538598 a658.82 aEMBS 4212 aD EMBS 42120 aAndi Muhammad SadatePengarang1 aManajemen Pemasaran :b1-9/EMBS4212/3 SKS /cAndi Muhammad Sadat aEdisi 1 aviii,467 halaman :billustrasi ;c27 cm0 aAndriyansahePengarang 4aManajemen Pemasaran aTangerang Selatan :bUniversitas Terbuka,c2025 2rdacontentaText 2rdamediaaTanpa perantara 2rdacarrieravolume a25/30141 a25/90141